LEADER 03251nam 22005894a 450 001 9910143433803321 005 20170809162011.0 010 $a1-119-20219-1 010 $a1-280-54987-4 010 $a9786610549870 010 $a0-470-04938-3 035 $a(CKB)1000000000354451 035 $a(EBL)270463 035 $a(OCoLC)130866505 035 $a(SSID)ssj0000109434 035 $a(PQKBManifestationID)11138441 035 $a(PQKBTitleCode)TC0000109434 035 $a(PQKBWorkID)10068752 035 $a(PQKB)11096972 035 $a(MiAaPQ)EBC270463 035 $a(EXLCZ)991000000000354451 100 $a20060213d2006 uy 0 101 0 $aeng 135 $aur|n|---||||| 181 $ctxt 182 $cc 183 $acr 200 10$aBeat the odds in Forex trading$b[electronic resource] $ehow to identify and profit from high percentage market patterns /$fIgor Toshchakov 210 $aHoboken, N.J. $cJohn Wiley & Sons$dc2006 215 $a1 online resource (226 p.) 225 1 $aWiley trading 300 $aIncludes index. 311 $a0-471-93331-7 327 $aRecommendations to novice traders -- How to get started -- Establishing a trading account -- Choosing the right dealer -- Developing a trading method -- Psychological challenges of speculative trading -- Discretionary versus mechanical trading systems -- Technical and fundamental analysis -- The Igrok method -- Philosophy of the Igrok method -- Evaluating probabilities using technical analysis -- Basic trading strategies and techniques -- Choosing a currency pair to trade -- Money management rules and techniques -- Market behavior and trader discipline -- Short-term and intraday trading strategies using the Igrok method -- Principles of the intraday trading plan -- Entering the market -- Exiting the market -- The importance of timing -- Trading strategy during the central bank intervention -- Templates for short-term and intraday trading -- Average daily trading range templates -- Technical formation templates -- Trendlines, support, and resistance templates -- A sample trade. 330 $a""Beat the Odds in Forex Trading provides traders with tremendous value by disseminating the trading methods and philosophy of one of the most remarkable Forex success stories since Soros."" --Alexander De Khtyar, President, Forex International Investments, Inc. Add certainty and systematization into Forex trading with this practical approach. Author and industry professional Igor Toshchakov shows how recurring market patterns--which can be recognized on a simple bar chart--can be successfully used to trade the Forex market. Written for traders at every level, this valuable resour 410 0$aWiley trading. 606 $aForeign exchange market 606 $aForeign exchange futures 606 $aSpeculation 608 $aElectronic books. 615 0$aForeign exchange market. 615 0$aForeign exchange futures. 615 0$aSpeculation. 676 $a332.45 700 $aToshchakov$b Igor$f1961-$0911758 801 0$bMiAaPQ 801 1$bMiAaPQ 801 2$bMiAaPQ 906 $aBOOK 912 $a9910143433803321 996 $aBeat the odds in Forex trading$92041729 997 $aUNINA LEADER 01384nam 2200433 450 001 9910148707903321 005 20230803015508.0 010 $a1-62257-763-9 035 $a(CKB)3710000000922360 035 $a(MiAaPQ)EBC4743903 035 $a(EXLCZ)993710000000922360 100 $a20161123h20132013 uy| 0 101 0 $aeng 135 $aurcnu|||||||| 181 $2rdacontent 182 $2rdamedia 183 $2rdacarrier 200 00$aAmending the constitution by an article V convention /$fScott J. Hill and Adam Wright, editors 210 1$aNew York :$cNovinka,$d[2013] 210 4$dİ2013 215 $a1 online resource (95 pages) 225 1 $aAmerican Political, Economic, and Security Issues 225 1 $aGovernment procedures and operations 311 $a1-62257-762-0 320 $aIncludes bibliographical references and index. 410 0$aAmerican political, economic, and security issues series. 410 0$aGovernment procedures and operations. 606 $aConstitutional amendments$zUnited States 615 0$aConstitutional amendments 676 $a342.7303 702 $aHill$b Scott J. 702 $aWright$b Adam 801 0$bMiAaPQ 801 1$bMiAaPQ 801 2$bMiAaPQ 906 $aBOOK 912 $a9910148707903321 996 $aAmending the constitution by an article V convention$92907509 997 $aUNINA LEADER 01191nam 2200373 450 001 9910705120003321 005 20140311160733.0 035 $a(CKB)5470000002448160 035 $a(OCoLC)872280145 035 $a(EXLCZ)995470000002448160 100 $a20140311d2014 ua 0 101 0 $aeng 135 $aurmn||||||||| 181 $2rdacontent 182 $2rdamedia 183 $2rdacarrier 200 10$aFlood insurance $estrategies for increasing private sector involvement : report to congressional committees 210 1$a[Washington, D.C.] :$cUnited States Government Accountability Office,$d2014. 215 $a1 online resource (i, 29 pages) 300 $aTitle from title screen (viewed Feb. 13, 2014). 300 $a"January 2014." 300 $a"GAO-14-127." 320 $aIncludes bibliographical references. 517 $aFlood insurance 606 $aFlood insurance$zUnited States 606 $aFlood insurance$zUnited States$xPlanning 615 0$aFlood insurance 615 0$aFlood insurance$xPlanning. 801 0$bGPO 801 1$bGPO 906 $aBOOK 912 $a9910705120003321 996 $aFlood insurance$93429017 997 $aUNINA